Final 4 of every WWE Royal Rumble - Statistics

General Stats
  • This quiz has been taken 59 times
    25 since last reset
  • The average score is 137 of 184
Answer Stats
Year Answer # Entered From % Correct
2008 John Cena 30
100%
2013 John Cena 19
100%
2002 Triple H 22
100%
2016 Triple H 30
100%
2005 John Cena 25
100%
2010 John Cena 19
100%
2018 Men's John Cena 20
100%
2025 Men's John Cena 23
100%
2006 Triple H 1
100%
2008 Triple H 29
100%
2009 Triple H 7
100%
2003 Brock Lesnar 29
95%
2022 Men's Brock Lesnar 30
95%
2023 Men's Cody Rhodes 30
95%
2024 Men's Cody Rhodes 15
95%
2010 Edge 29
95%
2021 Men's Edge 1
95%
2000 Big Show 26
95%
2004 Big Show 24
95%
2012 Big Show 30
95%
2015 Big Show 29
95%
2025 Men's Jey Uso 20
95%
2009 Randy Orton 8
95%
2017 Randy Orton 23
95%
2015 Roman Reigns 19
95%
1995 Shawn Michaels 1
95%
1996 Shawn Michaels 18
95%
1997 Stone Cold Steve Austin 5
95%
1998 Stone Cold Steve Austin 24
95%
2001 Stone Cold Steve Austin 27
95%
2000 The Rock 24
95%
2007 The Undertaker 30
95%
2019 Women's Charlotte Flair 13
95%
2021 Women's Charlotte Flair 15
95%
2022 Women's Charlotte Flair 17
95%
2009 Cody Rhodes 15
95%
2005 Edge 7
95%
2007 Edge 5
95%
2020 Men's Edge 21
95%
1997 Fake Diesel 23
95%
2000 Kane 28
95%
2001 Kane 6
95%
2003 Kane 22
95%
2008 Kane 20
95%
2015 Kane 24
95%
2006 Randy Orton 30
95%
2007 Randy Orton 16
95%
2012 Randy Orton 28
95%
2020 Men's Randy Orton 25
95%
2021 Men's Randy Orton 2
95%
2014 Roman Reigns 15
95%
2016 Roman Reigns 1
95%
2017 Roman Reigns 30
95%
2018 Men's Roman Reigns 28
95%
2020 Men's Roman Reigns 26
95%
1994 Shawn Michaels 18
95%
2007 Shawn Michaels 23
95%
2010 Shawn Michaels 18
95%
1999 Stone Cold Steve Austin 1
95%
2002 Stone Cold Steve Austin 19
95%
1998 The Rock 4
95%
2001 The Rock 13
95%
1997 The Undertaker 30
95%
2003 The Undertaker 30
95%
2003 Batista 28
90%
2008 Batista 8
90%
2010 Batista 30
90%
2005 Batista 28
90%
2014 Batista 28
90%
1994 Bret Hart 27
90%
1997 Bret Hart 21
90%
2006 Rey Mysterio 2
90%
2019 Men's Seth Rollins 10
90%
2004 Chris Jericho 25
90%
2012 Chris Jericho 29
90%
2017 Chris Jericho 2
90%
2014 CM Punk 1
90%
2024 Men's CM Punk 27
90%
2025 Men's CM Punk 26
90%
2016 Dean Ambrose 19
90%
2005 Rey Mysterio 8
90%
2023 Men's Seth "Freakin" Rollins 15
90%
2021 Men's Seth Rollins 29
90%
2023 Women's Asuka 17
86%
2011 Alberto Del Rio 38
86%
2018 Women's Asuka 25
86%
2020 Women's Charlotte Flair 17
86%
2004 Chris Benoit 1
86%
1990 Hulk Hogan 25
86%
1991 Hulk Hogan 24
86%
2023 Women's Rhea Ripley 1
86%
2012 Sheamus 22
86%
1992 Hulk Hogan 28
86%
2002 Kurt Angle 26
86%
2004 Kurt Angle 19
86%
2023 Men's Logan Paul 29
86%
2025 Men's Logan Paul 30
86%
2021 Women's Rhea Ripley 14
86%
2013 Sheamus 11
86%
2014 Sheamus 17
86%
2016 Sheamus 29
86%
2019 Women's Becky Lynch 28
81%
1988 Jim Duggan 13
81%
1992 Ric Flair 3
81%
2018 Women's Nikki Bella 27
81%
2020 Men's Drew McIntyre 16
76%
2022 Men's Drew McIntyre 21
76%
2024 Men's Drew McIntyre 29
76%
2023 Men's Gunther 1
76%
2024 Men's Gunther 18
76%
2011 Santino Marella 37
76%
2019 Women's Bayley 27
71%
2024 Women's Bayley 3
71%
2021 Women's Bianca Belair 3
71%
2022 Women's Bianca Belair 8
71%
1994 Lex Luger 23
71%
2018 Women's Brie Bella 28
71%
1995 Lex Luger 19
71%
2023 Women's Liv Morgan 2
71%
2024 Women's Liv Morgan 30
71%
1992 "Macho Man" Randy Savage 21
71%
1993 "Macho Man" Randy Savage 30
71%
1989 Big John Studd 27
67%
2018 Men's Shinsuke Nakamura 14
67%
1999 Vince McMahon 2
67%
1993 Yokozuna 27
67%
2011 Dolph Ziggler 31
67%
2013 Dolph Ziggler 1
67%
2019 Men's Dolph Ziggler 28
67%
2018 Women's Sasha Banks 1
67%
1989 Ted Dibiase 30
67%
2009 Ted Dibiase Jr. 10
67%
2019 Men's Braun Strowman 27
62%
2022 Women's Ronda Rousey 28
62%
2021 Men's Christian 24
62%
2019 Women's Nia Jax 29
62%
2006 Rob Van Dam 20
62%
2025 Women's Charlotte Flair 27
57%
2017 Bray Wyatt 21
57%
1998 Dude Love 28
57%
2018 Men's Finn Balor 2
57%
2015 Rusev 15
57%
2013 Ryback 30
57%
2001 Billy Gunn 28
52%
1996 Diesel 22
52%
1992 Sid Justice 29
52%
1991 The British Bulldog 14
52%
1995 The British Bulldog 2
52%
1996 The British Bulldog 29
52%
1994 Fatu 28
48%
2024 Women's Jade Cargill 28
48%
2022 Men's Shane McMahon 28
48%
1990 Mr. Perfect 30
43%
2002 Mr. Perfect 25
43%
2020 Women's Shayna Baszler 30
43%
2022 Women's Shayna Baszler 30
43%
2024 Women's Tiffany Stratton 29
43%
2000 X-Pac 30
43%
1991 Earthquake 22
38%
2020 Women's Natalya 23
38%
2021 Women's Natalya 30
38%
1988 One Man Gang 19
38%
2025 Women's Nia Jax 29
33%
2025 Women's Nikki Bella 30
33%
2020 Women's Beth Phoenix 19
29%
1999 Big Boss Man 22
29%
1988 Don Muraco 11
29%
1989 Rick Martel 29
29%
1993 Rick Martel 26
29%
1990 Rick Rude 28
29%
2022 Men's Riddle 20
29%
2025 Women's Roxanne Perez 3
29%
1989 Akeem 23
24%
1993 Bob Backlund 2
24%
1991 Brian Knobbs 28
24%
1988 Dino Bravo 17
24%
1998 Faarooq 27
24%
1990 Hercules 29
24%
1996 Kama 23
24%
2019 Men's Andrade 19
19%
1995 Crush 30
14%
1999 D'Lo Brown 28
14%
2023 Women's Nikki Cross 29
14%
2011 Alex Riley 34
5%
No matching quizzes found
Score Distribution
Percent of People with Each Score
Percentile by Number Answered
Your Score History
You have not taken this quiz since the last reset